Quizzes
Events
Quiz Creation
Community
Videos
Private Events
Remove Ads
Sign In
Join for FREE
Feedback
Dark Mode
Quiz Categories
Sports
Geography
Music
Movies
Television
Just For Fun
Miscellaneous
History
Literature
Language
Science
Gaming
Entertainment
Religion
Holiday
For Kids
Quiz Lab
Recent
Popular Today
Quiz Kudos Today
Editor Picks
Curator Picks
Quizzes by...
Day
Popularity
Type
Ratings
Length
Year
Community
Subscriptions
Recent Discussions
Orange Saloon
Badges
Playlists
Quests
Create
Leaderboards
Showdown
Live 5
Trivia Bingo
Activity
Puzzle Library
Sporcle Events
Private Events
Virtual Trivia
Globe League
Become a Host
Pub Owners
SporcleCon
Opinionation
Our Games
Videos
Blog
Mobile Apps
Partnerships
Remove Ads and Go Orange
Feedback
Science
Computer
Plants
Astronomy
Chemistry
Elements
Math
Animal
Physics
Anatomy
Biology
Geology
General Science
Science
Computer
Plants
Astronomy
Chemistry
Elements
Math
Animal
Physics
Anatomy
Biology
Geology
General Science
Random Quiz
Search Sporcle
×
Quiz Lab
Quiz Lab
Science
common
Type in answers that appear in a list
Type in answers that appear in a list
Classic
Best Score? Go Orange.
Plant Names Stats
Can you name the common names?
By
Mnorman1994
20m
123 Questions
6 Plays
6 Plays
6 Plays
Comments
Comments
Give Quiz Kudos
Give Quiz Kudos
-
- Ratings
hide this ad
Forced Order
Answers have to be entered in order
Answers have to be entered in order
Wrong Answers
Some wrong answers will appear in red
Some wrong answers will appear in red
Random Order
Randomize order of answers
Randomize order of answers
Replay
Link that replays current quiz
Next Quiz
Link to next quiz in quiz playlist
You Got
0%
They Got
Avg Score
43%
Avg Friend Score
Upgrade to see
Score Distribution
Jump to the score distribution portion of the page
Score
0/123
Timer
20:00
0
Plays Today
Scientific Name
Common Name
% Correct
Acer platanoides
???
66.7%
Acer rubrum
???
66.7%
Acer saccharum
???
66.7%
Echinacea sp
???
66.7%
Helianthus annuus
???
66.7%
Juglans nigra
???
66.7%
Lavandula angustifolia
???
66.7%
Pyrus calleryana
???
66.7%
Quercus macrocarpa
???
66.7%
Quercus palustris
???
66.7%
Quercus rubra
???
66.7%
Acer circinatum
???
50%
Acer ginnala
???
50%
Acer griseum
???
50%
Acer negundo 'Variegatum'
???
50%
Acer palmatum 'Bloodgood'
???
50%
Acer saccharinum
???
50%
Acer x freemanii 'Armstrong'
???
50%
Achillea millefolium
???
50%
Alcea rosea
???
50%
Arctostaphylos uva-
ursi
???
50%
Betula nigra 'Heritage'
???
50%
Buddleia davidii
???
50%
Buxus microphylla koreana
???
50%
Calamagrostis x acutiflora
???
50%
Campsis radicans
???
50%
Carex flacca 'Blue Zinger'
???
50%
Caryopteris x clandonensis
???
50%
Catalpa speciosa
???
50%
Cercidiphyllum japonicum
???
50%
Cornus florida
???
50%
Cornus kousa
???
50%
Cornus mas
???
50%
Cornus sericea
???
50%
Cotinus coggygria 'Royal Purple'
???
50%
Crataegus douglasii
???
50%
Euonymus fortunei 'Emerald Gaiety'
???
50%
Euonymus fortunei 'Emerald 'n Gold'
???
50%
Fagus sylvatica 'Purple Fountain'
???
50%
Fothergilla major 'Mt Airy'
???
50%
Ginkgo biloba
???
50%
Scientific Name
Common Name
% Correct
Gleditsia triacanthos v. inermis
???
50%
Hamamelis x intermedia
???
50%
Hedera helix
???
50%
Hibiscus syriacus
???
50%
Humulus lupulus
???
50%
Hydrangea anomala petiolaris
???
50%
Hydrangea paniculata
???
50%
Hydrangea quercifolia
???
50%
Ilex glabra
???
50%
Liatris spicata
???
50%
Liquidambar styraciflua
???
50%
Miscanthus sinensis
???
50%
Panicum virgatum
???
50%
Parrotia persica
???
50%
Parthenocissus quinquefolia
???
50%
Pelargonium x hortorum
???
50%
Pennisetum alopecuroides
???
50%
Platanus x acerifolia
???
50%
Pyracantha coccinea
???
50%
Robinia pseudoacacia
???
50%
Saccharum ravennae
???
50%
Sedum x 'Autumn Joy'
???
50%
Solidago sp
???
50%
Spiraea japonica
???
50%
Tagetes sp
???
50%
Taxus x media 'Hicksii'
???
50%
Viburnum carlesii
???
50%
Viburnum plicatum tomentosum
???
50%
Yucca filamentosa 'Golden Sword'
???
50%
Acer palmatum dissectum
???
33.3%
Agastache spp
???
33.3%
Amaranthus caudatus
???
33.3%
Aronia arbutifolia 'Brilliantissima'
???
33.3%
Aster novi belgii
???
33.3%
Aucuba japonica 'Gold Dust'
???
33.3%
Berberis thunbergii
???
33.3%
Betula papyrifera
???
33.3%
Betula pendula
???
33.3%
Buxus sempervirens
???
33.3%
Caragana arborescens
???
33.3%
Carpinus betulus 'Fastigiata'
???
33.3%
Scientific Name
Common Name
% Correct
Cercis canadensis 'Forest Pansy'
???
33.3%
Cercocarpus ledifolius
???
33.3%
Clematis ligusticifolia
???
33.3%
Corylus avellana 'Contorta'
???
33.3%
Cotoneaster apiculatus
???
33.3%
Cotoneaster horizontalis
???
33.3%
Crataegus x lavalleei
???
33.3%
Euonymus alatus 'Compactus'
???
33.3%
Fagus sylvatica 'Riversii'
???
33.3%
Foeniculum vulgare 'Smokey'
???
33.3%
Fraxinus americana 'Autumn Purple'
???
33.3%
Fraxinus pennsylvanica 'Marshall's Seedless'
???
33.3%
Galium odoratum
???
33.3%
Holodiscus discolor
???
33.3%
Ilex x meserveae
???
33.3%
Lamium sp
???
33.3%
Larix decidua 'Pendula'
???
33.3%
Larix kaempferi 'Diana'
???
33.3%
Larix occidentalis
???
33.3%
Mahonia aquifolium
???
33.3%
Mahonia repens
???
33.3%
Pachysandra terminalis
???
33.3%
Pieris japonica 'Forest Flame'
???
33.3%
Prunus laurocerasus 'Otto Luyken'
???
33.3%
Rhamnus frangula
???
33.3%
Rhus typhina
???
33.3%
Rudbeckia fulgida 'Goldsturm'
???
33.3%
Salvia officinalis 'Icterina'
???
33.3%
Sambucus nigra 'Variegata'
???
33.3%
Senecio cineraria
???
33.3%
Sorbus alnifolia
???
33.3%
Sorbus aucuparia
???
33.3%
Symphoricarpos albus
???
33.3%
Viburnum x burkwoodii
???
33.3%
Viburnum x rhytidophylloides 'Willowwood'
???
33.3%
Vinca minor
???
33.3%
Vitis labrusca
???
33.3%
Cornus sanguinea 'Winter Flame'
???
16.7%
Cotoneaster dammeri 'Coral Beauty'
???
16.7%
Viburnum trilobum
???
16.7%
???
0%
Quiz Playlist
Details
Report
Send in Message
Add To Playlist
Classic:
Type in answers that appear in a list
Forced Order:
Answers have to be entered in order
Wrong Answers:
Some wrong answers will appear in red
Random Order:
Randomize order of answers
Last Updated: Feb 16, 2017
Quiz Scoreboard
CHALLENGE
Sign Up to Join the Scoreboard
Show All
Scores
Hide
Comments
May contain spoilers
Recently Published
Movies - When Are They Set?
by FPL_Elf
Movies
5m
Popular People in 1961
by mucciniale
History
6m
1-10 Letter E Words III
by El_Dandy
Language
2m
More to Explore
Quiz From the Vault
Featured Blog Post
Where Did the Easter Bunny Come From?
hide this ad
You Might Also Like...
Tags
common
Today's Top Quizzes in Science
Browse Science
hide this ad
Today's Top Quizzes in common
Browse common
Top Contributed Quizzes in Science
1
One Thing in Common: Science III
2
Quick Pick: 'CI-CJ' Animals
3
Quick Pick: Radians
4
One Thing in Common: Science
5
Sporcle Puzzle Hunt: Science
6
One Thing in Common: Science II
7
Elements In Images
8
Square Numbers Scrambled (1-50)
9
1 to 50
10
Glycolysis
Explore More
Trending Topics
Crossword
Disney
Harry Potter
Marvel
NBA
Kpop
Anime
Soccer
Country
Puzzle
The Office
Song
WWE
NFL
Pokémon
hide this ad
More By:
Mnorman1994
Quiz
Plays
Rating
Category
Featured
Created
Plant Names
6
Science
Dec 3, 2015
Go to Creator's Profile
Score Distribution
Quiz Creator Spotlight
Mnorman1994
Follow
Send a Message
Quizzes Created
-
Created Quiz Play Count
-
More By This Creator
Popular Quizzes Today
1
Find the US States - No Outlines Minefield
2
Find the Countries of Europe - No Outlines Minefield
3
The Countries of the World
4
Popular People in 1961
5
1-10 Letter E Words III
6
US States
7
Find the US States
8
One Thing in Common: World Cities II
More Science Quizzes
Orders of Magnitude VI
Curator's Pick
Trending Quizzes
Risky Map Clicking: Least Populous States A-Z
1-10 Letter F Words
Humor Books: The Subtitles
1-10 Letter G Words
One Thing in Common: United Kingdom
Recently Updated
Leaping Animals
pecheneg
Reality TV Shows (A-Z)
bhenderson79
Rickey Henderson's Hall of Fame Teammates
pecheneg
Champions League XIs: Arsenal
pecheneg
Quick Pick: Celebrities in WWE's Hall of Fame
aduchscher
A-Z Keypad Blitz II
pecheneg
Multiple Oscar Actors
pecheneg
Mystery Phrase Blitz: Oscar 'Best Actors'
pecheneg
F. Scott Fitzgerald Novels
LTH
Pick 3 Villains
ddd62291
Trending Topics
NBA
Anime
Disney
Crossword
Marvel
Kpop
Harry Potter
NFL
Soccer
Puzzle
The Office
WWE
Country
Song
Pokémon
Your Account Isn't Verified!
In order to create a playlist on Sporcle, you need to verify the email address you used during registration. Go to your
Sporcle Settings
to finish the process.
Report this User
Report this user for behavior that violates our
Community Guidelines
.
Details:
Send Report
Go to the Sporcle.com Mobile Site →
Comments